00789nam a2200205 a 4500008004100000020001500041050001500056100001900071245004200090260003400132300002400166350000900190490007200199500002600271650002100297700002100318995009600339999001700435952013100452060316s1984 ||||||||||||||||| || u a0070503788 aT 60.2 Pol aPolk, Edward J10aMethods analysis and work measurement aNew York :bMcGraw-Hillc1984 aviii, 294 p. : ill. a0.00 aMcGraw-Hill series in industrial engineering and management science aIncludes Bibliography aWORK MEASUREMENT aMariotti, John J D0.00FCBU-MAIN LIBRARY (Kitwe)H1I23.95M1UAVAILABLEZMain Library Open Access Collection c51036d51036 00102lcc4070a001b001cMain Library Open Access Collectiond2022-11-30l0oT 60.2 Polp016256r2022-11-30w2022-11-30y002